| 000 | 00398nam a2200145Ia 4500 | ||
|---|---|---|---|
| 008 | 230917s9999||||xx |||||||||||||| ||und|| | ||
| 040 |
_e48160 _aMAIN |
||
| 041 | _aEnglish | ||
| 082 | _a822.33 S15K:C | ||
| 100 | _aKnight, G Wilson | ||
| 245 | 4 | _aThe crown of life: essays in interpretation of Shakespeare final plays | |
| 260 |
_aLondon _bMethuen _c1966 |
||
| 300 | _aviii, 336 p. | ||
| 942 | _cBK | ||
| 999 |
_c190281 _d190281 |
||